| 000 | 00803nam a22002537i 4500 | ||
|---|---|---|---|
| 003 | URS | ||
| 005 | 20230817141503.0 | ||
| 008 | 160415s1985 ph ||||| |||| 00| 0 eng d | ||
| 040 | _cURS | ||
| 050 | 0 | 0 |
_aLB15 _b.C766 1985 |
| 100 | 1 |
_aConstantino, Pamela C. _eauthor |
|
| 245 | 1 | 0 |
_aWika linggwistika at bilinggwalismo sa pilipinas / _cPamela C. Constantino |
| 264 | 1 |
_aManila : _bRex Book Store, _c[date of publication not identified]. |
|
| 264 | 1 | _c©1985 | |
| 300 |
_aviii, 278 pages : _billustrations ; _c21 cm. |
||
| 336 |
_atext _btxt _2rdacontent |
||
| 336 |
_astill image _bsti _2rdacontent |
||
| 337 |
_aunmediated _bn _2rdamedia |
||
| 338 |
_avolume _bnc _2rdacarrier |
||
| 650 | 0 | _aFilipino | |
| 700 | 1 |
_aGonzales, Lydia Fer. _eauthor |
|
| 700 |
_aRamos, Jesus Fer. _eauthor |
||
| 942 |
_cF _2lcc |
||
| 999 |
_c72690 _d72689 |
||